| 000 | 00538nam a2200145 a 4500 | ||
|---|---|---|---|
| 001 | 000027300 | ||
| 005 | 20200930030733.0 | ||
| 008 | 110331s1948 dr ab 000 0 spa d | ||
| 040 |
_aDO-SdBNP _bspa _cBNPHU |
||
| 082 |
_axxx _bT649r |
||
| 100 | 1 |
_aTolentino Rojas, Vicente _954375 |
|
| 245 | 1 | 0 |
_aReseña geográfica, histórica y estadística de la República Dominicana. / _cVicente Tolentino Rojas. |
| 260 |
_aCiudad Trujillo, República Dominicana, : _bDirección General de Estadística, _c1948. |
||
| 300 |
_a86 p. : _bil., map. ; _c20 cm. |
||
| 999 |
_c26792 _d26792 |
||